| 000 | 00412cam a2200181ua 4500 | ||
|---|---|---|---|
| 020 | _c3.00 | ||
| 041 |
_ahin _h |
||
| 082 |
_a891.54 _bBAC/SA |
||
| 100 | _aBachan, . | ||
| 245 |
_aSatranjini / _cBachan. _hTextual Documents |
||
| 250 |
_a3 / _b. |
||
| 260 |
_aAllahabad : _bCentral Book Depot , _c1951. |
||
| 300 | _a174 ; . | ||
| 365 | _a3.00 | ||
| 504 | _a | ||
| 942 | _cBK | ||
| 999 |
_c8270 _d8270 |
||